ბათუმის შოთა რუსთაველის სახელმწიფო უნივერსიტეტის ბიბლიოთეკა

Волшебное дерево : Воспоминания детских лет / (ბიბ.ჩანაწერი № 49639)

000 -LEADER
fixed length control field 01337nam a2200241Ia 4500
001 - CONTROL NUMBER
control field 16571
003 - CONTROL NUMBER IDENTIFIER
control field GE_BSU
005 - DATE AND TIME OF LATEST TRANSACTION
control field 20250128120524.0
008 - FIXED-LENGTH DATA ELEMENTS--GENERAL INFORMATION
fixed length control field 181216s1977||||ge |||||||||||||| ||rus||
040 ## - CATALOGING SOURCE
Transcribing agency GE_BSU
041 ## - LANGUAGE CODE
Language code of text/sound track or separate title rus
080 ## - UNIVERSAL DECIMAL CLASSIFICATION NUMBER
Universal Decimal Classification number 821.353.1-32 + 821.353.1-94 Л-47
100 ## - MAIN ENTRY--PERSONAL NAME
Personal name Леонидзе, Георгий
9 (RLIN) 24151
245 ## - TITLE STATEMENT
Title Волшебное дерево : Воспоминания детских лет /
Statement of responsibility, etc. Георгий Леонидзе ; Пер. с груз. Элисбара Ананиашвили.
264 ## - PRODUCTION, PUBLICATION, DISTRIBUTION, MANUFACTURE, AND COPYRIGHT NOTICE
Place of production, publication, distribution, manufacture Москва :
Name of producer, publisher, distributor, manufacturer Советский писатель,
Date of production, publication, distribution, manufacture, or copyright notice 1977.
300 ## - PHYSICAL DESCRIPTION
Extent 272 стр. ;
Dimensions 20 см.
653 ## - INDEX TERM--UNCONTROLLED
keyword Волшебное дерево
653 ## - INDEX TERM--UNCONTROLLED
keyword Моей матери; В тени родных деревьев; Волшебное дерево; Наш абрикос; Тагриа; Старая дева; Хведиа; Мельник Ражден; Феодал; Смерть старого пахаря.
653 ## - INDEX TERM--UNCONTROLLED
keyword Чирик и Чикотела; Чествование доблестных; Тамада; Тетушка Маико; На деревенской улице; Цицикоре; Марита; Чорехи; Речка Нишардзеули; Чампура; Бунбула
653 ## - INDEX TERM--UNCONTROLLED
keyword მოთხრობები
942 ## - ADDED ENTRY ELEMENTS (KOHA)
Koha item type წიგნი
Source of classification or shelving scheme
ეგზემპლარები
Withdrawn status Lost status Source of classification or shelving scheme Damaged status Not for loan Permanent Location Current Location Shelving location Date acquired Cost, normal purchase price Full call number Barcode Date last seen Copy number Price effective from Koha item type Public note
          ბათუმის შოთა რუსთაველის სახელმწიფო უნივერსიტეტის მთავარი ბიბლიოთეკა ბათუმის შოთა რუსთაველის სახელმწიფო უნივერსიტეტის მთავარი ბიბლიოთეკა წიგნსაცავი 2018-12-17 7.00 821.353.1-32 + 821.353.1-94 Л-47 27646 2018-12-17 27646 2018-12-17 წიგნი 7.00 ₾.